00458nam a22001337a 4500003000400000005001700004008004100021040000800062100001700070245005800087264004900145300001600194856011400210OSt20240929232316.0240923b |||||||| |||| 00| 0 eng d cDCL1 aChan, Ajahn 10aBodhinyana a Collection of Dharma Talk /cAjahn Chan. aTHAILAND :bThe Sangh, Abhayagiyi Monastery, a134 pages ; uhttps://library.dhammadhara.com/cgi-bin/koha/opac-retrieve-file.pl?id=130165462c09c354df794a4655c01309yEBook